header

Dynamical modeling and analysis of epidemics (Record no. 105064)

MARC details
000 -LEADER
fixed length control field 01175nam a2200301Ia 4500
245 00 - TITLE STATEMENT
Title Dynamical modeling and analysis of epidemics
260 ## - PUBLICATION, DISTRIBUTION, ETC. (IMPRINT)
Place of publication New Jersey :
Name of publisher World Scientific,
Year of publication 2009.
300 ## - PHYSICAL DESCRIPTION
Number of Pages xiii, 498 p. :
Other physical details ill.
650 #0 - SUBJECT ADDED ENTRY--TOPICAL TERM
Topical Term Epidemiology
Topical Term Medical.
700 1# - ADDED ENTRY--PERSONAL NAME
Personal name Ma, Zhien,
Personal name Li, Jia,
856 40 - ELECTRONIC LOCATION AND ACCESS
Uniform Resource Identifier http://site.ebrary.com/lib/rucke/Doc?id=10361879

No items available.

© 2026 Rongo University
Contact us: librarian | system librarian | Rongo university